Normal view
MARC view
- NC-Sidra Sultana
Entry Personal Name
001 - CONTROL NUMBER
- control field: 15286
003 - CONTROL NUMBER IDENTIFIER
- control field: NUST
005 - DATE AND TIME OF LATEST TRANSACTION
- control field: 20190621065425.0
008 - FIXED-LENGTH DATA ELEMENTS
- fixed length control field: 190621|| aca||aabn | a|a d
040 ## - CATALOGING SOURCE
- Original cataloging agency: NUST
- Transcribing agency: NUST
100 ## - HEADING--PERSONAL NAME
- Personal name: NC-Sidra Sultana
670 ## - SOURCE DATA FOUND
- Source citation: Work cat.: (NUST): NC-Sidra Sultana, Critical analysis and implementation of flow3 for migratiom oop to aop, 2013
